Heat exchangers : theory and practice /

Guardado en:
Autor Corporativo: International Center for Heat and Mass Transfer.
Otros Autores: Taborek, J., (Editor , ed.), Hewitt, G. F. (Editor , ed.), Afgan, Naim., (Editor , ed.)
Formato: Libro
Idioma:English
Publicado: Washington : New York : Hemisphere Pub. Corp. ; McGraw-Hill, c1983.
Materias:
Etiquetas: Agregar Etiqueta
Sin Etiquetas, Sea el primero en etiquetar este registro!
LEADER 01160cam a22002775a 4500
001 EIQ.libpla001259
008 820414s1983####dcua#####b####101#0#eng#d
005 20060901192459.0
245 0 0 |a Heat exchangers :  |b theory and practice /  |c edited by J. Taborek, G.F. Hewitt, N. Afgan. 
260 |a Washington :  |b Hemisphere Pub. Corp. ;  |a New York :  |b McGraw-Hill,  |c c1983. 
300 |a xii, 979 p. :  |b il. ;  |c 24 cm. 
500 |a Actas de un seminario de 1981 sponsoreado por the International Center sobre Heat and Mass Transfer. 
504 |a Incluye referencias bibliográficas e índice. 
020 |a 0070628068 
700 1 |a Taborek, J.,  |e ed.  |4 edt 
700 1 |a Hewitt, G. F.  |q (Geoffrey Frederick),  |e ed.  |4 edt 
700 1 |a Afgan, Naim.,  |e ed.  |4 edt 
710 2 |a International Center for Heat and Mass Transfer. 
082 0 0 |a 621.402/5  |2 19 
650 4 |a Intercambiadores de calor  |x Congresos. 
650 4 |a Intercambiadores de calor  |x teoría y práctica. 
650 0 |a Heat exchangers  |x Congresses. 
650 4 |a Heat exchangers  |x Theory and practice. 
010 |a  82006178  
040 |a DLC  |c DLC  |d AR-BbSID 
859 |a AR-BbSID  |b BIB. PLAPIQUI  |h 621.402  |i H 352  |p 2450